| 000 | 00454nam a22001697a 4500 | ||
|---|---|---|---|
| 005 | 20241214115919.0 | ||
| 008 | 241214b ||||| |||| 00| 0 eng d | ||
| 040 | _cAL | ||
| 041 | _aEnglish | ||
| 082 |
_223 _a348.04 _bCHAI |
||
| 100 |
_aTejinder Pal Singh Chawla _9190974 |
||
| 245 | _aIndian Civil Cases: Vol 76 2014(3) | ||
| 260 |
_aChandigarh _bICC Publications _c2014 |
||
| 300 |
_a960 p. _bHB |
||
| 650 |
_aCivil Laws _9190975 |
||
| 942 |
_2ddc _cBI |
||
| 999 |
_c232911 _d232911 |
||